[Event "WMSG Blitz 1st"]
[Site "Beijing"]
[Date "2008.10.04"]
[Round "11"]
[White "Leon Hoyos, Manuel"]
[Black "Markos, Jan"]
[Result "1-0"]
[WhiteElo "2535"]
[BlackElo "2557"]
[PlyCount "51"]
[EventDate "2008.10.04"]
[EventType "swiss (blitz)"]
[EventRounds "11"]
[EventCountry "CHN"]
[SourceTitle "CBM 126 Extra"]
[Source "ChessBase"]
[SourceDate "2008.11.05"]
[SourceVersion "1"]
[SourceVersionDate "2008.11.05"]
[SourceQuality "1"]

1. Nf3 Nf6 2. g3 d5 3. Bg2 c6 4. O-O Bg4 5. d3 Nbd7 6. Nbd2 e6 7. b3 Bc5 8. Bb2 Qe7 9. a3 a5 ({RR} 9... O-O 10. Re1 Bh5 11. h3 a5 12. e4 dxe4 13. dxe4 e5 14. g4 Bg6 15. Nh4 Rfe8 16. Nf5 Bxf5 17. exf5 Nd5 18. Ne4 f6 19. Bf1 Red8 20. Qf3 Kh8 21. Red1 N7b6 22. c4 Nf4 23. a4 Rxd1 24. Rxd1 {Topalov,A (2233)-Begunov,K (2325) chess.com INT 2024 1-0 (34)}) ({RR} 9... O-O 10. h3 Bh5 11. e4 dxe4 12. dxe4 e5 13. g4 Bg6 14. Nh4 Rfd8 15. Qe2 Nf8 16. Nf5 Qc7 17. b4 Bb6 18. Nc4 N6d7 19. c3 Ne6 20. Bc1 a5 21. Bd2 f6 22. Rfd1 Kh8 23. Bf1 Bf7 24. Nxb6 {Tibensky,R (2448)-Markos,J (2467) Kaskady 2002 ½-½ (47)}) 10. e4 O-O 11. Qe1 Bh5 $146 ({RR} 11... dxe4 12. dxe4 e5 13. Nc4 Bxf3 14. Bxf3 a4 15. b4 Qe6 16. Qe2 b5 17. Ne3 Bxe3 18. Qxe3 Rab8 19. Be2 c5 20. Rfd1 cxb4 21. axb4 Rfc8 22. Rd2 Rb7 23. f3 h5 24. Kg2 Rbc7 25. Bxb5 Rxc2 26. Bxa4 {Bezold,M (2479)-Erigaisi,A (2575) Chess.com INT 2020 0-1 (38)}) ({RR} 11... dxe4 12. dxe4 e5 13. Nc4 Bxf3 14. Bxf3 a4 15. b4 Qe6 16. Qe2 b5 17. Ne3 Bxe3 18. Qxe3 Rab8 19. Be2 c5 20. Rfd1 cxb4 21. axb4 Rfc8 22. Rd2 Rb7 23. f3 h5 24. Kg2 Rbc7 25. Bxb5 Rxc2 26. Bxa4 {Bezold,M (2479)-Erigaisi,A (2575) Chess.com INT 2020 0-1 (38)}) 12. Kh1 Rfd8 13. h3 b5 14. Nh4 Rac8 15. f4 dxe4 16. dxe4 Nb6 17. g4 Nxg4 18. hxg4 Rxd2 19. gxh5 Rxc2 20. Rb1 Rd8 21. Qg3 f6 22. h6 Rdd2 23. Bc3 Bf2 24. Rxf2 Rxf2 25. Rd1 Rfe2 26. Rd8+ 1-0

[Event "WMSG Rapid 1st"]
[Site "Beijing"]
[Date "2008.10.06"]
[Round "4"]
[White "Zhang, Zhong"]
[Black "Gurevich, Mikhail"]
[Result "1-0"]
[WhiteElo "2649"]
[BlackElo "2634"]
[PlyCount "78"]
[EventDate "2008.10.05"]
[EventType "swiss (rapid)"]
[EventRounds "9"]
[EventCountry "CHN"]
[SourceTitle "CBM 126 Extra"]
[Source "ChessBase"]
[SourceDate "2008.11.05"]
[SourceVersion "1"]
[SourceVersionDate "2008.11.05"]
[SourceQuality "1"]

1. Nf3 d5 2. g3 Bg4 3. Bg2 e6 4. O-O Nd7 5. d3 Bd6 6. Nbd2 Ne7 7. c4 c6 8. d4 O-O 9. b3 a5 10. Bb2 a4 ({RR} 10... h6 11. e4 Bh5 12. Re1 Bg6 13. a3 Bc7 14. Qe2 Re8 15. Nh4 Bh7 16. f4 Qb8 17. Rac1 Nf6 18. e5 Nd7 19. g4 a4 20. b4 dxc4 21. Nxc4 Nd5 22. Qf2 Qd8 23. f5 Qg5 24. Kh1 Nf4 25. Rc3 {Zhang,Z (2632)-Wen,Y (2487) Manila 2008 1-0 (40)}) 11. c5 Bc7 12. b4 Qb8 $146 ({RR} 12... f5 13. e3 g5 14. h3 Bxf3 15. Qxf3 Nf6 16. Qe2 Ng6 17. f4 gxf4 18. exf4 Ne4 19. Bxe4 fxe4 20. Rf2 Rf7 21. Nf1 Rg7 22. Kh2 Ne7 23. Ne3 Qe8 24. Rg1 Qg6 25. Ng4 Nf5 26. Ne5 Bxe5 27. fxe5 {Vogel,R (2447)-L'Ami,E (2621) Germany 2022 0-1 (40)}) ({RR} 12... f5 13. e3 g5 14. h3 Bxf3 15. Qxf3 Nf6 16. Qe2 Ng6 17. f4 gxf4 18. exf4 Ne4 19. Bxe4 fxe4 20. Rf2 Rf7 21. Nf1 Rg7 22. Kh2 Ne7 23. Ne3 Qe8 24. Rg1 Qg6 25. Ng4 Nf5 26. Ne5 Bxe5 27. fxe5 {Vogel,R (2447)-L'Ami,E (2621) Germany 2022 0-1 (40)}) 13. h3 Bh5 14. g4 Bg6 15. Nh4 f5 16. e3 e5 17. dxe5 Bxe5 18. Bxe5 Qxe5 19. Ndf3 Qf6 20. g5 Qf7 21. Nd4 Bh5 22. Qd2 f4 23. Rae1 Ng6 24. Nxg6 Bxg6 25. a3 Rae8 26. exf4 Qxf4 27. Qxf4 Rxf4 28. Rxe8+ Bxe8 29. Ne6 Rc4 30. Nd8 Rc3 31. Re1 Bg6 32. Re7 Bf5 33. Re8+ Nf8 34. Nxb7 Rxa3 35. b5 Bd7 36. Rd8 Kf7 37. Rxd7+ Nxd7 38. bxc6 Ke6 39. Bxd5+ Kxd5 1-0

[Event "WMSG Blitz Pair 1st"]
[Site "Beijing"]
[Date "2008.10.08"]
[Round "1"]
[White "Paragua, Mark"]
[Black "Banikas, Hristos"]
[Result "1-0"]
[WhiteElo "2526"]
[BlackElo "2572"]
[PlyCount "115"]
[EventDate "2008.10.08"]
[EventType "swiss (blitz)"]
[EventRounds "11"]
[EventCountry "CHN"]
[SourceTitle "CBM 126 Extra"]
[Source "ChessBase"]
[SourceDate "2008.11.05"]
[SourceVersion "1"]
[SourceVersionDate "2008.11.05"]
[SourceQuality "1"]

1. Nf3 Nf6 2. g3 g6 3. Bg2 Bg7 4. O-O O-O 5. d3 d5 6. Nbd2 c5 7. e4 Nc6 8. c3 dxe4 9. dxe4 Ng4 10. Qe2 Nge5 11. Ne1 b6 12. f4 Nd7 13. e5 Ndb8 14. Nc2 $146 ({RR} 14. Nc4 Bb7 15. Nf3 b5 16. Rd1 Qc8 17. Ne3 c4 18. Ng5 Nd8 19. Nd5 Nbc6 20. a4 e6 21. axb5 exd5 22. bxc6 Bxc6 23. Bxd5 Bxd5 24. Rxd5 Ne6 25. Ne4 Qb7 26. Raa5 Rad8 27. Nd6 Qc7 28. Be3 f6 {Hamm,G (2139)-Hansch,S (2044) Dresden 2014 ½-½ (54)}) 14... Ba6 15. Nc4 b5 16. Rd1 Qc8 17. N4e3 e6 18. Ng4 h5 19. Nf6+ Bxf6 20. exf6 Nd7 21. Rd6 Bb7 22. Qxb5 a6 23. Rxc6 axb5 24. Rxc8 Raxc8 25. Bxb7 Rc7 26. Bg2 Nxf6 27. Be3 Rd8 28. Bf3 Nd5 29. Rd1 Rdd7 30. Bf2 Kg7 31. Na3 b4 32. Nb5 Rc8 33. c4 Nb6 34. Rxd7 Nxd7 35. Kf1 Kg8 36. Nd6 Rd8 37. Nb7 Rc8 38. Ke2 Kf8 39. Nd6 Rb8 40. Ne4 Rc8 41. Kd2 Ke7 42. Kc2 f5 43. Nd2 Kd6 44. a3 bxa3 45. bxa3 Rc7 46. Nb1 e5 47. Nc3 Ke6 48. Bd5+ Kf6 49. Nb5 Rc8 50. a4 e4 51. a5 Nb8 52. Bb7 Re8 53. Be3 Re6 54. Kd2 Na6 55. Bc8 Rc6 56. Bd7 Nb8 57. Bxc6 Nxc6 58. a6 1-0

[Event "EU-Cup 24th"]
[Site "Kallithea"]
[Date "2008.10.19"]
[Round "3"]
[White "Bacrot, Etienne"]
[Black "Stocek, Jiri"]
[Result "1-0"]
[WhiteElo "2705"]
[BlackElo "2578"]
[PlyCount "99"]
[EventDate "2008.10.17"]
[EventType "team-swiss"]
[EventRounds "7"]
[EventCountry "GRE"]
[SourceTitle "CBM 127"]
[Source "ChessBase"]
[SourceDate "2008.11.13"]
[SourceVersion "1"]
[SourceVersionDate "2008.11.13"]
[SourceQuality "1"]
[WhiteTeam "Baden-Baden"]
[BlackTeam "Novoborsky"]
[WhiteTeamCountry "GER"]
[BlackTeamCountry "CZE"]

1. Nf3 Nf6 2. g3 b6 3. Bg2 Bb7 4. O-O g6 5. d3 d5 6. c4 c6 ({RR} 6... dxc4 7. Qa4+ Nbd7 8. Qxc4 e6 9. Bf4 c5 10. Nc3 a6 11. a4 Bg7 12. Ne5 Bxg2 13. Kxg2 Nxe5 14. Bxe5 O-O 15. Qh4 Nd5 16. Qxd8 Rfxd8 17. Nxd5 Rxd5 18. Bc7 c4 19. dxc4 Rc5 20. Bxb6 Rxc4 21. a5 {Petrosian,T (2573)-Duda,J (2760) Warsaw 2021 ½-½ (69)}) ({RR} 6... e6 7. Qc2 Bg7 8. cxd5 exd5 9. e4 O-O 10. Nc3 Nc6 11. Bg5 h6 12. Bxf6 Qxf6 13. Nxd5 Qxb2 14. Qxb2 Bxb2 15. Rab1 Bg7 16. Nxc7 Rad8 17. Nd5 Rfe8 18. Rfc1 Ne5 19. Nxe5 Bxe5 20. Kf1 Kg7 21. f4 {Henriquez Villagra,C (2597)-Bortnyk,O (2601) chess.com INT 2025 0-1 (52)}) 7. Nbd2 $146 ({RR} 7. Qc2 Bg7 8. e4 O-O 9. e5 Nfd7 10. Qe2 e6 11. Bg5 Qc7 12. Bf4 c5 13. cxd5 Bxd5 14. Nc3 Bc6 15. Ne4 Bxe4 16. Qxe4 Nc6 17. Rfe1 Nb4 18. Qe2 Rac8 19. a3 Nd5 20. Bd2 b5 21. Rac1 Qb8 {Eidelson,R (2261)-Dornbusch,T (2277) Kharkov 2003 1-0 (36)}) ({RR} 7. cxd5 cxd5 8. Nc3 Bg7 9. Bf4 a6 10. Rc1 O-O 11. b4 Nh5 12. Bg5 h6 13. Bd2 Nc6 14. a3 e5 15. e4 dxe4 16. dxe4 Nd4 17. Be3 b5 18. Nd5 Bxd5 {½-½ (18) Avedisian,A (1907)-Martinez Fernandez,F (1910) Montevideo 2018}) 7... Bg7 8. e4 dxe4 9. dxe4 Nfd7 10. Qe2 Nc5 11. e5 Nba6 12. Nb3 Qd3 13. Re1 O-O-O 14. Be3 Qxe2 15. Rxe2 Ne6 16. Bh3 Kb8 17. Bxe6 fxe6 18. Ng5 Rd3 19. c5 bxc5 20. Nxc5 Nxc5 21. Bxc5 Rhd8 22. Nxe6 Rd1+ 23. Rxd1 Rxd1+ 24. Kg2 Bh6 25. Bxe7 c5+ 26. f3 Ba6 27. Bd6+ Kc8 28. Rc2 Be3 29. f4 Bd3 30. Rxc5+ Bxc5 31. Nxc5 Bc4 32. b3 Bd5+ 33. Kh3 Rd2 34. g4 Rxa2 35. Kh4 Rxh2+ 36. Kg5 h5 37. f5 gxf5 38. gxf5 h4 39. e6 Rf2 40. f6 h3 41. Bf4 Rxf4 42. Kxf4 h2 43. f7 h1=Q 44. f8=Q+ Kc7 45. e7 Qh2+ 46. Ke3 Qg1+ 47. Kd2 Qd4+ 48. Nd3 Be4 49. Qf4+ Kb6 50. Qb8+ 1-0

[Event "Wch Blitz 3th"]
[Site "Almaty"]
[Date "2008.11.08"]
[Round "13"]
[White "Amin, Bassem"]
[Black "Polgar, Judit"]
[Result "1-0"]
[WhiteElo "2560"]
[BlackElo "2711"]
[PlyCount "83"]
[EventDate "2008.11.08"]
[EventType "tourn (blitz)"]
[EventRounds "15"]
[EventCountry "KAZ"]
[EventCategory "19"]
[SourceTitle "EXT 2009"]
[Source "ChessBase"]
[SourceDate "2008.11.26"]
[SourceVersion "1"]
[SourceVersionDate "2008.11.26"]
[SourceQuality "1"]

1. e4 c5 2. Nf3 e6 3. d3 Nc6 4. g3 g6 5. Bg2 Bg7 6. O-O Nge7 7. Re1 d6 8. c3 ({RR} 8. h4 e5 9. Be3 O-O 10. Qd2 f5 11. Nc3 Nd4 12. Bg5 Be6 13. exf5 gxf5 14. Nxd4 cxd4 15. Nd5 Bxd5 16. Bxd5+ Kh8 17. Bxb7 Rb8 18. Bg2 f4 19. Qe2 Bf6 20. Be4 d5 21. Bxh7 Kxh7 22. Qh5+ Kg8 {Pablo Marin,A (2345)-Kasparov,G (2710) Barcelona 1984 ½-½ (48)}) 8... Bd7 ({RR} 8... Rb8 9. a4 b6 10. Nbd2 O-O 11. Nf1 a6 12. Ne3 Bd7 13. h4 h5 14. Ng5 b5 15. Bh3 b4 16. Bd2 a5 17. g4 hxg4 18. Qxg4 Ne5 19. Qe2 bxc3 20. bxc3 Rb2 21. Rab1 Qb6 22. Rxb2 Qxb2 23. h5 {Winkels,M (1885)-Antonio,J (2277) chess.com INT 2025 1-0 (35)}) 9. d4 O-O $146 ({RR} 9... cxd4 10. cxd4 Rc8 11. Nc3 a6 12. d5 Na5 13. dxe6 Bxe6 14. Nd4 O-O 15. Nxe6 fxe6 16. Bh3 Qd7 17. Nd5 Rc6 18. Nf4 Rxf4 19. Bxf4 Bxb2 20. Rb1 Bc3 21. Re3 d5 22. Rxc3 Rxc3 23. Qd4 Rc6 24. Bh6 {Teran Alvarez,I (2356)-Gomez Feria,J Coria del Rio 2001 1-0 (32)}) 10. h4 cxd4 11. cxd4 Qb6 12. d5 Nd4 13. Nc3 exd5 14. Bg5 Nxf3+ 15. Bxf3 Rfe8 16. Bxe7 Bxc3 17. bxc3 Rxe7 18. Qxd5 Be6 19. Qg5 Rc7 20. h5 Rxc3 21. Qf6 Rc2 22. Bd1 Rd2 23. h6 Kf8 24. Bb3 Re8 25. Rac1 Qd8 26. Qg7+ Ke7 27. e5 Qb6 28. exd6+ Kxd6 29. Qf6 Qd4 30. Qf3 Bg4 31. Qg2 Rxe1+ 32. Rxe1 Be6 33. Bxe6 fxe6 34. Qf3 Qd5 35. Qf4+ e5 36. Qf8+ Ke6 37. Qg8+ Kf5 38. Qxh7 Qd4 39. Qf7+ Kg5 40. h7 e4 41. Qf4+ Kh5 42. Qh4# 1-0

[Event "Olympiad-38"]
[Site "Dresden"]
[Date "2008.11.21"]
[Round "8"]
[White "Harikrishna, Pentala"]
[Black "Pavasovic, Dusko"]
[Result "1-0"]
[WhiteElo "2659"]
[BlackElo "2597"]
[PlyCount "105"]
[EventDate "2008.11.13"]
[EventType "team-swiss"]
[EventRounds "11"]
[EventCountry "GER"]
[SourceTitle "CBM 128"]
[Source "ChessBase"]
[SourceDate "2009.01.28"]
[SourceVersion "1"]
[SourceVersionDate "2009.01.28"]
[SourceQuality "1"]
[WhiteTeam "India"]
[BlackTeam "Slovenia"]
[WhiteTeamCountry "IND"]
[BlackTeamCountry "SLO"]

1. Nf3 d5 2. g3 Bg4 3. Bg2 Nd7 4. O-O c6 5. d3 Ngf6 6. Nbd2 e5 7. e4 dxe4 8. dxe4 Bc5 9. Qe1 O-O 10. h3 Bh5 11. a3 ({RR} 11. a4 a5 12. Nc4 Qc7 13. Bd2 b6 14. Nh4 Ne8 15. Kh2 f6 16. b3 Nd6 17. Nb2 Rfe8 18. Nd3 Nf7 19. Nxc5 Nxc5 20. Kh1 Rad8 21. Bc3 Ne6 22. Nf5 c5 23. Ne3 Nd4 24. f3 Qc8 25. h4 Nd6 {Aronian,L (2783)-Kramnik,V (2780) Shanghai 2010 0-1 (86)}) ({RR} 11. Nh4 Re8 12. Nc4 Qc7 13. Kh1 a5 14. Ne3 Nf8 15. Nef5 Ne6 16. f4 exf4 17. gxf4 Bg6 18. Ng3 Nd4 19. Qc3 b6 20. f5 Nh5 21. Nxh5 Bxh5 22. Bf4 Qe7 23. f6 Qxf6 24. Bg3 Qg5 25. Nf5 Ne2 {Paragua,M (2526)-Harikrishna,P (2659) Beijing 2008 0-1 (41)}) 11... Re8 $146 ({RR} 11... Ne8 12. b4 Be7 13. Nc4 f6 14. Nh4 Bf7 15. Qe2 Nb6 16. Nxb6 {½-½ (16) Van der Weide,K (2457)-Lipinsky,F (2390) Austria 2002}) ({RR} 11... a5 12. b3 Re8 13. Bb2 b5 14. Kh1 Qc7 15. Nh4 Bg6 16. Qe2 Bd4 17. Bxd4 exd4 18. Nxg6 hxg6 19. Qd3 Qb6 20. c3 Rad8 21. b4 Ne5 22. Qc2 dxc3 23. Qxc3 axb4 24. axb4 Qd4 25. Qxd4 Rxd4 26. Nf3 {Wengholm,A (2203)-Wiedenkeller,M (2464) Lidkoping 2018 0-1 (35)}) ({RR} 11... a5 12. b3 Qc7 13. Bb2 Rfe8 14. Nh4 Nf8 15. Nc4 N6d7 16. b4 axb4 17. axb4 Rxa1 18. Bxa1 Ba7 19. Nf5 f6 20. Qc3 Rd8 21. Ncd6 Nb6 22. Nb5 Qb8 23. Nxa7 Qxa7 24. Qb3+ Kh8 25. g4 Bg6 26. Ne7 {Stefanova,A (2545)-Koneru,H (2614) Moscow 2010 1-0 (84)}) 12. b4 Bf8 13. Nc4 Qc7 14. Nh4 b5 15. Na5 c5 16. c3 Nb6 17. f4 exf4 18. Bxf4 Qd7 19. g4 Bg6 20. Rd1 Qe6 21. Nxg6 hxg6 22. e5 Nfd5 23. Bg3 cxb4 24. cxb4 Rac8 25. Rd3 g5 26. Qd2 Nf4 27. Bxf4 gxf4 28. Qxf4 Re7 29. Qf5 Qxf5 30. gxf5 Nc4 31. e6 Nxa5 32. bxa5 fxe6 33. fxe6 Rec7 34. a6 Rc1 35. Rxc1 Rxc1+ 36. Kf2 Bc5+ 37. Kg3 Ra1 38. Rd8+ Kh7 39. Be4+ Kh6 40. Kf4 Rf1+ 41. Ke5 Bxa3 42. Rd7 Bb2+ 43. Kd5 Rd1+ 44. Kc6 Re1 45. Bd5 Bd4 46. Bb3 Bf2 47. Rf7 Bd4 48. e7 Bf6 49. Rxf6+ gxf6 50. Kd7 Rxe7+ 51. Kxe7 f5 52. Kd6 f4 53. Kc5 1-0

[Event "Olympiad-38"]
[Site "Dresden"]
[Date "2008.11.23"]
[Round "10"]
[White "Nakamura, Hikaru"]
[Black "Khenkin, Igor"]
[Result "1-0"]
[WhiteElo "2704"]
[BlackElo "2647"]
[PlyCount "63"]
[EventDate "2008.11.13"]
[EventType "team-swiss"]
[EventRounds "11"]
[EventCountry "GER"]
[SourceTitle "CBM 128"]
[Source "ChessBase"]
[SourceDate "2009.01.28"]
[SourceVersion "1"]
[SourceVersionDate "2009.01.28"]
[SourceQuality "1"]
[WhiteTeam "US of America"]
[BlackTeam "Germany"]
[WhiteTeamCountry "USA"]
[BlackTeamCountry "GER"]

1. g3 d5 2. Bg2 e5 3. d3 Nf6 4. Nf3 Nc6 5. a3 a5 6. O-O h6 7. b3 Bd6 8. Bb2 O-O 9. Nc3 $146 ({RR} 9. e3 Re8 10. c4 Bg4 11. Qc2 Qd7 12. Nbd2 Rad8 13. cxd5 Nxd5 14. Nc4 Bh3 15. e4 Bxg2 16. Kxg2 Nf4+ 17. Kh1 Qh3 18. Rg1 b5 19. Ne3 Ne7 20. Nxe5 Bxe5 21. Bxe5 Nxd3 22. Bxc7 Rd7 23. Bxa5 Ng6 {Balogun,O (2262)-Petkov,V (2493) Chess.com INT 2016 0-1 (37)}) 9... Re8 10. Nb5 Be6 11. c4 a4 12. Rc1 dxc4 13. bxc4 Qd7 14. e3 Bf5 15. d4 exd4 16. exd4 Bg4 17. Re1 Rxe1+ 18. Qxe1 Re8 19. Ne5 Nxe5 20. dxe5 Bc5 21. Kh1 Bh3 22. f3 Bxg2+ 23. Kxg2 c6 24. Nc3 Bd4 25. f4 Ng4 26. Nd1 Ne3+ 27. Nxe3 Bxb2 28. Rd1 Qe7 29. Nf5 Qxa3 30. Qe2 Qb3 31. Rd7 a3 32. Qg4 1-0

[Event "BCF-ch rapidplay"]
[Site "Halifax"]
[Date "2008.11.30"]
[Round "8"]
[White "Arkell, Keith C"]
[Black "Haslinger, Stewart"]
[Result "1-0"]
[WhiteElo "2521"]
[BlackElo "2506"]
[PlyCount "59"]
[EventDate "2008.11.29"]
[EventType "swiss (rapid)"]
[EventRounds "11"]
[EventCountry "ENG"]
[SourceTitle "CBM 127 Extra"]
[Source "ChessBase"]
[SourceDate "2009.01.08"]
[SourceVersion "2"]
[SourceVersionDate "2009.01.28"]
[SourceQuality "1"]

1. Nf3 {ChessBase II} d5 2. g3 Bg4 3. Bg2 Nd7 4. d3 e6 5. O-O Bd6 6. Nbd2 Ne7 7. b3 ({RR} 7. e4 O-O 8. Re1 c5 9. h3 Bh5 10. c3 Nc6 11. exd5 exd5 12. Qb3 Nb6 13. a4 Na5 14. Qc2 c4 15. dxc4 Bg6 16. Qd1 dxc4 17. Nd4 Bd3 18. Ne4 Be5 19. Bg5 Qd7 20. Nc5 Qc7 21. Nxd3 cxd3) ({RR} 7. h3 Bh5 8. b3 O-O 9. Bb2 a5 10. a4 c5 11. g4 Bg6 12. Nh4 Nc6 13. Nxg6 hxg6 14. e4 d4 15. f4 g5 16. f5 Bf4 17. Nc4 e5 18. Bc1 Ra6 19. Qe2 Qe7 20. Qf2 Nb4 21. Bxf4 gxf4 {Wang,H (2763)-Caruana,F (2835) Chess.com INT 2020 0-1 (46)}) ({RR} 7. h3 Bh5 8. e4 O-O 9. Qe2 c5 10. g4 Bg6 11. c3 Nc6 12. Re1 Bf4 13. Nf1 Qc7 14. Bxf4 Qxf4 15. Ng3 d4 16. cxd4 Nxd4 17. Nxd4 cxd4 18. Rac1 Rac8 19. Rc2 Ne5 20. Rec1 Qxc1+ 21. Rxc1 Rxc1+ {Hariharan,S (2024)-Jaracz,P (2445) chess.com INT 2025 0-1 (52)}) 7... O-O 8. Bb2 e5 9. e4 $146 ({RR} 9. h3 Bh5 10. e4 c6 11. Qe1 d4 12. Nh4 f6 13. f4 Bf7 14. Qe2 b5 15. Kh1 a5 16. c3 dxc3 17. Bxc3 Bb4 18. Rac1 Ra7 19. Ndf3 Qb8 20. fxe5 Bxc3 21. Rxc3 Nxe5 22. d4 N5g6 23. Qf2 a4 {Letreguilly,O (2274)-Milliet,S (2309) Noyon 2005 CBM 105 Extra [ChessBase II] 0-1 (46)}) 9... c6 10. Qe1 Re8 11. h3 Bh5 12. Nh4 Qc7 13. Kh1 ({RR} 13. Bf3 Bxf3 14. Nhxf3 Rad8 15. Kg2) 13... f6 14. Rg1 a5 15. a3 a4 16. b4 d4 17. c4 dxc3 18. Bxc3 c5 19. b5 Nb6 20. Nc4 Bf7 21. Qe2 Nec8 22. Nf5 Bf8 23. Bf1 g6 24. Nfe3 Bh6 25. Rb1 Nd6 26. Ng4 Bg7 27. Nxb6 Qxb6 28. f4 exf4 29. Qb2 c4 30. Bxf6 1-0

[Event "UKR-ch 77th"]
[Site "Poltava"]
[Date "2008.12.05"]
[Round "4"]
[White "Miroshnichenko, Evgenij"]
[Black "Gasanov, Eldar"]
[Result "1-0"]
[WhiteElo "2632"]
[BlackElo "2550"]
[PlyCount "61"]
[EventDate "2008.12.02"]
[EventType "swiss"]
[EventRounds "9"]
[EventCountry "UKR"]
[SourceTitle "CBM 127 Extra"]
[Source "ChessBase"]
[SourceDate "2009.01.08"]
[SourceVersion "2"]
[SourceVersionDate "2009.01.28"]
[SourceQuality "1"]

1. Nf3 d5 2. g3 g6 3. c4 d4 4. Bg2 Bg7 5. O-O e5 6. d3 Ne7 7. b4 O-O 8. Nbd2 h6 9. Nb3 g5 10. a4 Ng6 11. b5 Nd7 12. a5 $146 ({RR} 12. Nfd2 f5 13. Ba3 Re8 14. Na5 Rb8 15. c5 Ndf8 16. Rb1 Kh7 17. Qc2 g4 18. Ndc4 Ne6 19. b6 axb6 20. cxb6 c5 21. Rb5 Bf8 22. Nb3 Bd7 23. Ra5 Qc8 24. f3 gxf3 25. exf3 Ra8 26. Rxa8 Qxa8 {Cvitan,O (2575)-Kurajica,B (2535) Zagreb 1993 1-0 (47)}) 12... a6 13. Ba3 Re8 14. Nfd2 f5 15. Qc2 Kh7 16. Rac1 Nf6 17. Nc5 Bf8 18. Ndb3 axb5 19. cxb5 Nd5 20. Qc4 c6 21. a6 bxa6 22. bxc6 Nge7 23. Nb7 Bxb7 24. cxb7 Rb8 25. Bxe7 Nxe7 26. Nc5 e4 27. dxe4 Ng6 28. Qf7+ Bg7 29. exf5 Ne5 30. Qa2 d3 31. exd3 1-0

[Event "Milan Crespi op-A 29th"]
[Site "Milan"]
[Date "2008.12.09"]
[Round "5"]
[White "Movsziszian, Karen"]
[Black "Drazic, Sinisa"]
[Result "1-0"]
[WhiteElo "2558"]
[BlackElo "2528"]
[PlyCount "93"]
[EventDate "2008.12.06"]
[EventType "swiss"]
[EventRounds "9"]
[EventCountry "ITA"]
[SourceTitle "CBM 130 Extra"]
[Source "ChessBase"]
[SourceDate "2009.07.02"]
[SourceVersion "2"]
[SourceVersionDate "2009.07.15"]
[SourceQuality "1"]

1. g3 d5 2. Bg2 g6 3. Nf3 Bg7 4. O-O Nf6 5. d3 O-O 6. c3 c5 7. Nbd2 Nc6 8. e4 e6 9. e5 Nd7 10. d4 cxd4 11. cxd4 Qb6 12. Nb3 a5 13. a4 Ra6 $146 ({RR} 13... f6 14. exf6 Nxf6 15. Be3 Ng4 16. Bf4 Nh6 17. Qd3 Nf5 18. Rfd1 Nb4 19. Qd2 Nd6 20. Bxd6 Qxd6 21. Nc1 b6 22. Nd3 Nc6 23. Qe3 Bd7 24. Re1 Nb4 25. Qd2 Nxd3 26. Qxd3 Rac8 27. h4 Qb4 28. Bh3 {Paredes,A-Alonso,R San Rafael 1992 0-1 (41)}) ({RR} 13... f6 14. exf6 Nxf6 15. Be3 Ne4 16. Qd3 Nd6 17. Rfc1 Nc4 18. Nfd2 Nxe3 19. fxe3 Bh6 20. Nc5 Nb4 21. Qe2 Qd6 22. Nd3 b6 23. Nf4 Bd7 24. Nf3 Bg7 25. b3 Rac8 26. Qd2 Rxc1+ 27. Rxc1 Rc8 28. Rxc8+ {Khotenashvili,B (2420)-Hrebenshchykova,Y (2280) Monaco MNC 2025 1-0 (56)}) ({RR} 13... f6 14. Be3 Qb4 15. exf6 Nxf6 16. Nc5 Ne4 17. Nxe4 dxe4 18. Ne5 Ra6 19. Rc1 Rd8 20. Qc2 Nxe5 21. dxe5 Rc6 22. Qxe4 Rxc1 23. Bxc1 Qxe4 24. Bxe4 Bxe5 25. Be3 Bxb2 26. Rb1 Bd4 27. Bxb7 Bxe3 28. fxe3 {Levin,E (2518)-Schekachikhin,M (2380) St Petersburg 2017 ½-½ (55)}) 14. Re1 Qc7 15. Bd2 Ra8 16. h4 b6 17. h5 gxh5 18. Ng5 Ne7 19. Rc1 Qb8 20. Qxh5 h6 21. Nf3 Kh7 22. Bf1 Ba6 23. Bxa6 Rxa6 24. Kg2 Qe8 25. Rc7 Qd8 26. Rh1 Ng8 27. Ng5+ Kh8 28. Qxf7 Qxc7 29. Qg6 Ndf6 30. exf6 Nxf6 31. Nxe6 Qe7 32. Nxf8 Qxf8 33. Bxh6 Kg8 34. Rc1 Ra7 35. Rc6 Rf7 36. Bxg7 Qxg7 37. Rc8+ Rf8 38. Qxg7+ Kxg7 39. Rxf8 Kxf8 40. Nd2 Ke7 41. Kf3 Ke6 42. Kf4 Ne8 43. Kg5 Nd6 44. g4 Nc4 45. Nxc4 dxc4 46. Kf4 b5 47. Ke3 1-0

[Event "ARM-ch"]
[Site "Yerevan"]
[Date "2009.01.16"]
[Round "5"]
[White "Babujian, Levon"]
[Black "Pashikian, Arman"]
[Result "1-0"]
[WhiteElo "2518"]
[BlackElo "2621"]
[PlyCount "67"]
[EventDate "2009.01.12"]
[EventType "tourn"]
[EventRounds "13"]
[EventCountry "ARM"]
[EventCategory "12"]
[SourceTitle "CBM 129"]
[Source "ChessBase"]
[SourceDate "2009.03.25"]
[SourceVersion "1"]
[SourceVersionDate "2009.03.25"]
[SourceQuality "1"]

1. Nf3 d5 2. g3 c6 3. Bg2 Nf6 4. O-O Bg4 5. h3 Bxf3 6. Bxf3 Nbd7 7. d4 ({RR} 7. d3 e5 8. e4 dxe4 9. dxe4 Bc5 10. Bg2 Qe7 11. a4 O-O 12. Qe2 a5 13. Nd2 Rfd8 14. Nb3 Bb6 15. Bd2 Nc5 16. Nxc5 Bxc5 17. Rfd1 h6 18. Be1 Nd7 19. h4 Bb6 20. Qc4 Nc5 21. b3 Ne6 {Giri,A (2782)-Kramnik,V (2812) Paris 2016 ½-½ (36)}) 7... e5 8. dxe5 ({RR} 8. c4 dxc4 9. Nd2 exd4 10. Nxc4 Nc5 11. b4 Ne6 12. Qb3 a6 13. Rd1 Be7 14. e3 O-O 15. Bb2 Nd5 16. a3 Bf6 17. exd4 Re8 18. Bg2 Rc8 19. Rac1 Rc7 20. Ne5 Rce7 21. f4 Qd6 22. Rf1 Rd8 {Dardha,D (2652)-Pranav,V (2615) Petrovac MNE 2025 ½-½ (49)}) 8... Nxe5 9. Bg2 Qc7 $146 ({RR} 9... Be7 10. b3 O-O 11. Bb2 Qc7 12. Nd2 Rad8 13. e3 Rfe8 14. Nf3 Ned7 15. Qe2 Ne4 16. c4 Ndf6 17. Rfd1 Bc5 18. Nd4 Bf8 19. Rac1 Qb6 20. cxd5 Nxd5 21. Bxe4 Rxe4 22. Qf3 Rde8 23. Rf1 Nb4 24. Ra1 {Tisma,I (1919)-Averin,N (2276) Paracin SRB 2023 0-1 (64)}) ({RR} 9... Bd6 10. b3 O-O 11. Bb2 Qe7 12. Nd2 Rfe8 13. e3 Rad8 14. Qe2 Ba3 15. Bxa3 Qxa3 16. c4 dxc4 17. Nxc4 Nxc4 18. Qxc4 Nd5 19. Rfd1 Nb6 20. Qc2 Qe7 21. a4 Rxd1+ 22. Rxd1 Rd8 23. a5 Rxd1+ 24. Qxd1 {Domingo Nunez,A (2313)-Doluhanova,E (2230) chess.com INT 2023 ½-½ (71)}) 10. Qd4 Bd6 11. Nd2 O-O 12. c4 Rfe8 13. cxd5 cxd5 14. Nb3 Nc4 15. Qd3 Be5 16. Rb1 Rad8 17. Nd2 Bd6 18. b3 Ne5 19. Qf5 Qa5 20. Rb2 Ba3 21. Rc2 Bxc1 22. Rfxc1 Nc6 23. Nf3 Ne4 24. e3 Nb4 25. Rc7 Nd6 26. Qh5 Nc6 27. Rxb7 Nxb7 28. Ng5 h6 29. Qxf7+ Kh8 30. Rxc6 hxg5 31. Rg6 Rg8 32. Rxg5 Qe1+ 33. Kh2 Rd6 34. Bxd5 1-0